Bundesliga Top 50 Schiedsrichter - Statistiken

Allgemein
  • Dieses Quiz wurde 71 mal gespielt
  • Das Durchschnittsergebnis liegt bei 16 aus 50
Antwortstatistiken
Platz 1.Spiel Saisons Ort Spiele Rote
Karten
% Korrekt
1 2004 21 München 359 27 Dr. Felix Brych
98%
9 2008 17 Oberasbach 241 23 Deniz Aytekin
89%
4 2004 17 Berlin 289 26 Manuel Gräfe
82%
3 1988 20 Otterbach 338 45 Dr. Markus Merk
79%
8 2001 15 Rottenburg 244 8 Knut Kircher
73%
2 1997 21 Ergolding 344 35 Wolfgang Stark
66%
7 2009 16 Berlin 246 15 Felix Zwayer
66%
25 2012 13 Rostock 175 15 Bastian Dankert
61%
30 2014 11 Niederkassel 160 13 Sascha Stegemann
56%
15 2009 15 Korb 210 19 Marco Fritz
55%
6 1995 14 Kyllburg 247 26 Herbert Fandel
52%
21 2012 14 Sölden Schwarzwald 195 17 Tobias Stieler
52%
23 2012 13 Berlin 186 11 Daniel Siebert
45%
14 2001 14 Herne 213 22 Thorsten Kinhöfer
44%
5 1998 18 Burgdorf 287 28 Florian Meyer
44%
19 1994 16 Kriftel 197 25 Lutz Wagner
44%
41 2005 12 Münster Sarmsheim 142 16 Dr. Jochen Drees
40%
10 1986 17 Gelsenkirchen 240 25 Hellmut Krug
40%
18 2010 15 Lebecksmühle 200 5 Christian Dingert
39%
16 1989 15 Frankfurt 201 22 Lutz Michael Fröhlich
39%
13 2000 16 Bremen 214 24 Peter Gagelmann
32%
29 2008 13 Kerken 161 15 Guido Winkmann
32%
24 2005 12 Pullach Isartal 180 11 Günter Perl
31%
41 2010 14 Wiesbaden 142 15 Tobias Welz
31%
28 2011 15 Wangen Allgäu 166 10 Robert Hartmann
26%
19 2003 18 Stuttgart 197 23 Markus Schmidt
24%
12 1998 18 München 217 24 Peter Sippel
23%
11 1998 18 Hasede 238 22 Michael Weiner
23%
34 1996 11 München 155 17 Dr. Franz Xaver Wack
21%
34 1989 13 Konz 155 13 Alfons Berg
16%
38 1991 11 Magdeburg 151 13 Bernd Heynemann
15%
26 1995 14 Hallstadt 174 16 Dr. Helmut Fleischer
13%
27 1991 12 Hesebeck 170 23 Hartmut Strampe
13%
37 1966 18 Bonn 153 5 Walter Eschweiler
10%
16 1988 16 Sinzig 201 10 Edgar Steinborn
10%
40 1980 14 Ottobrunn 143 13 Aron Schmidhuber
8%
46 1985 15 Essen 130 18 Hans Jürgen Weber
8%
36 1978 16 Hürth 154 9 Karl Josef Assenmacher
6%
41 1993 12 Essen 142 17 Jürgen Jansen
6%
47 1972 15 Salzgitter 129 2 Volker Roth
6%
22 1989 16 Baisweil 192 18 Hermann Albrecht
5%
31 1990 14 Köln 159 16 Jürgen Aust
5%
39 1966 18 Hannover 150 4 Jan Redelfs
5%
45 1968 14 Waiblingen 135 3 Heinz Aldinger
3%
50 1980 12 Weisenheim am Sand 126 14 Werner Föckler
3%
31 1969 20 Berlin 159 5 Peter Gabor
3%
33 1964 18 Duisburg 156 2 Gerd Hennig
3%
41 1965 18 Gross Escherde 142 6 Walter Horstmann
3%
47 1966 16 Altendiez 129 6 Günter Linn
3%
49 1964 16 Hamburg 127 1 Klaus Ohmsen
3%
Keine übereinstimmenden Quizze gefunden
Verteilung der Resultate
Anzahl Personen mit jedem Resultat
Perzentil nach korrekt beantworteten Fragen
Ihre Resultats-Entwicklung
Sie haben dieses Quiz noch nicht gespielt